International handbook on the economics of tourism

Αποθηκεύτηκε σε:
Λεπτομέρειες βιβλιογραφικής εγγραφής
Άλλοι συγγραφείς: Dwyer, Larry (Επιμελητής έκδοσης), Forsyth, P. (Peter) (Επιμελητής έκδοσης)
Μορφή: Βιβλίο
Γλώσσα:English
Δημοσίευση: Cheltenham, UK ; Northampton, MA, USA : E. Elgar, c2006
Θέματα:
Ετικέτες: Προσθήκη ετικέτας
Δεν υπάρχουν, Καταχωρήστε ετικέτα πρώτοι!

MARC

LEADER 00000cam a2200000 i 4500
001 1/68628
008 071218s2006 eng d
020 |a 978-1-84376-104-4 
020 |a 1-84376-104-1 
035 |l 10093260 
040 |a GR-MY-UA  |b gre  |e aacr 
041 0 |a eng 
082 0 |a 338.4791  |2 (22) 
245 1 0 |a International handbook on the economics of tourism /  |c επιμέλεια: Larry Dwyer, Peter Forsyth 
260 |a Cheltenham, UK ; Northampton, MA, USA :   |b E. Elgar,   |c c2006 
300 |a xix, 495 σ.;  |b σχέδια;  |c 24 εκ. 
504 |a Περιλαμβάνει βιβλιογραφίες και ευρετήριο 
650 0 |a Tourism. 
700 1 |a Dwyer, Larry.  |4 edt 
700 1 |4 edt  |a Forsyth, P.   |q (Peter) 
852 |a INST  |b CHIOS  |e 20071218  |h 338.4791 INT  |p 005200028053  |q 005200028053  |t BK  |y 0 
852 |a INST  |b LESVOS  |e 20081007  |h 338.4791 INT  |p 005100043162  |q 005100043162  |t BK  |y 0 
901 |a BIBL2-2007-3 
901 |a BIBL1-2008-3 
909 |a Χ  |b 142342 
909 |a Λ  |b 143285 
922 |a 2ΕΛΗ  |b 200710  |c ΕΠΕΑΕΚ2/ΤΔΕ  |d ΕΛΕΥΘΕΡΟΥΔΑΚΗΣ 
922 |a 1ΕΛΗ  |b 200712  |c ΕΠΕΑΕΚ2/ΤΠ  |d ΠΑΠΑΣΩΤΗΡΙΟΥ 
970 |a ΑΤΣΑΛΗ  |b ΔΕΣΠΟΙΝΑ  |z 2007/12/18